El derecho de patronato en la República Dominicana / (Registro nro. 15846)

Detalles MARC
000 -CABECERA
campo de control de longitud fija 03070nam a2200385 a 4500
001 - NÚMERO DE CONTROL
campo de control 000002617
003 - IDENTIFICADOR DEL NÚMERO DE CONTROL
campo de control DO-SdBPM
005 - FECHA Y HORA DE LA ÚLTIMA TRANSACCIÓN
campo de control 20260515120344.0
007 - CAMPO FIJO DE DESCRIPCIÓN FÍSICA--INFORMACIÓN GENERAL
campo de control de longitud fija ta
008 - DATOS DE LONGITUD FIJA--INFORMACIÓN GENERAL
campo de control de longitud fija 090703s1985 dr r 000 0 spa d
040 ## - FUENTE DE LA CATALOGACIÓN
Centro catalogador/agencia de origen DO-SdBPM
Lengua de catalogación spa
Centro/agencia transcriptor BPMSU
Centro/agencia modificador rda
082 04 - NÚMERO DE LA CLASIFICACIÓN DECIMAL DEWEY
Número de clasificación 322.1097293
Número de documento/Ítem A385d, 1985
Número de edición 22
100 1# - ENTRADA PRINCIPAL--NOMBRE DE PERSONA
Nombre de persona Alfau Durán, Vetilio,
Fechas asociadas al nombre 1909-1985
Término indicativo de función/relación autor
Código de función/relación aut.
245 13 - MENCIÓN DE TÍTULO
Título El derecho de patronato en la República Dominicana /
Mención de responsabilidad, etc. Vetilio Alfau Durán.
250 ## - MENCIÓN DE EDICIÓN
Mención de edición 2a ed.
264 ## - PRODUCCIÓN, PUBLICACIÓN, DISTRIBUCIÓN, FABRICACIÓN Y COPYRIGHT
Producción, publicación, distribución, fabricación y copyright Santo Domingo :
Nombre del de productor, editor, distribuidor, fabricante Editora Taller,
Fecha de producción, publicación, distribución, fabricación o copyright 1985.
300 ## - DESCRIPCIÓN FÍSICA
Extensión 124 páginas ;
Dimensiones 22 cm.
336 ## - TIPO DE CONTENIDO
Término de tipo de contenido texto
Código de tipo de contenido txt
Fuente rdacontent
337 ## - TIPO DE MEDIO
Nombre/término del tipo de medio sin mediación
Código del tipo de medio n
Fuente rdamedia
338 ## - TIPO DE SOPORTE
Nombre/término del tipo de soporte volumen
Código del tipo de soporte nc
Fuente rdacarrier
500 ## - NOTA GENERAL
Nota general "Trabajo presentado como tesis en la Facultad de Derecho de la Universidad de Santo Domingo para optar al doctorado."
500 ## - NOTA GENERAL
Nota general Incluye índice de personas y de lugares
500 ## - NOTA GENERAL
Nota general A la cabeza de la portada: XIII Feria Nacional del Libro 1985, Vetilio Alfau Durán
504 ## - NOTA DE BIBLIOGRAFÍA, ETC.
Nota de bibliografía, etc. Bibliografía : páginas 121-124.
505 0# - NOTA DE CONTENIDO CON FORMATO
Título Presentación /
Mención de responsabilidad Emilio Rodríguez Demorizi
Información miscelánea Introducción (El regio patronato indiano en Santo Domingo) --
Título Desaparición de la Provincia Eclesiástica de Santo Domingo ;
-- Restablecimiento del arzobispado. Segundo período del regio patronato indiano ;
-- Patronato Indiano ;
-- La república y el derecho de patronato ;
-- El presidente Santana y el arzobispado Portes ;
-- Meriño surge por pimera vez ;
-- Ejercicio del patronato. Presentación de Cerezano ;
-- Ejercicio del patronato. Presentación de Rosón ;
-- Tercer período del regio pratronato indiano. El arzobispo Monzón ;
-- El gobierno de la Restauración y el patronato ;
-- Establecimiento del vicario apostólico y de la delegación apóstolica, Bouggenoms ;
-- Prevenciones ridículas contra el santo padre y sus representantes ;
-- Bouggenoms, aceptado por el nuevo gobierno es rechazado por el clero. El cisma de 1868 ;
-- Santache de Aguasanta. Vicario apóstolico de Santo Domingo y delegado apostólico ante los gobiernos de la República Dominicana, Haití y Venezuela ;
-- Roque Cocchia ;
-- El convenio de 1884 ;
-- Ejercicio del patronato, Meriño en el arzobispado ;
-- Ejercicio del patronato, Nouel es nombrado arzobispo ;
-- Coadjutor de Meriño Cum Iure successionis ;
-- El nombramiento de Nouel en el congreso. Una lamentable y contradictoria resolución legislativa, el congreso, vuelve sobre sus pasos ;
-- Ciudadanos diputados ;
-- Grave error de los constituyentes de 1908 ;
-- El patronato en el derecho constitucional americano --
Información miscelánea Conclusiones --
-- Bibliografía --
-- Índice de personas y lugares
590 ## - NOTA LOCAL (RLIN)
Nota local Inventariado, 2026/VM
650 #7 - PUNTO DE ACCESO ADICIONAL DE MATERIA--TÉRMINO DE MATERIA
Término de materia o nombre geográfico como elemento de entrada Iglesia y Estado en República Dominicana
Subdivisión cronológica Siglo XIX
650 #7 - PUNTO DE ACCESO ADICIONAL DE MATERIA--TÉRMINO DE MATERIA
Término de materia o nombre geográfico como elemento de entrada Iglesia y Estado en República Dominicana
Subdivisión cronológica Historia
650 #7 - PUNTO DE ACCESO ADICIONAL DE MATERIA--TÉRMINO DE MATERIA
Término de materia o nombre geográfico como elemento de entrada Patronato eclesiástico
651 #7 - PUNTO DE ACCESO ADICIONAL DE MATERIA--NOMBRE GEOGRÁFICO
Nombre geográfico República Dominicana
Subdivisión general Historia
Subdivisión cronológica Gobierno colonial español 1503-1795
700 1# - PUNTO DE ACCESO ADICIONAL--NOMBRE DE PERSONA
Nombre de persona Tena Reyes, Jorge,
Término indicativo de función/relación prólogo
700 1# - PUNTO DE ACCESO ADICIONAL--NOMBRE DE PERSONA
Nombre de persona Rodríguez Demorizi, Emilio,
Fechas asociadas al nombre 1908-1986
910 ## - DATOS DE OPCIÓN DEL USUARIO (OCLC)
Datos de opción del usuario VMateo . Control de calidad. BPMSU
942 ## - ELEMENTOS DE PUNTO DE ACCESO ADICIONAL (KOHA)
Fuente del sistema de clasificación o colocación Dewey Decimal Classification
Tipo de ítem Koha Libros
Existencias
Estado de retiro Estado de pérdida Fuente del sistema de clasificación o colocación No para préstamo Código de colección Localización permanente Ubicación/localización actual Fecha de adquisición Total de préstamos Signatura topográfica completa Código de barras Fecha visto por última vez Precio válido a partir de Tipo de ítem Koha
    Dewey Decimal Classification   Colección Dominicana Biblioteca Pública Metropolitana Salomé Ureña Biblioteca Pública Metropolitana Salomé Ureña 05/15/2026   BPMSU CD 322.1097293 A385d, 1985 BPMSU26050071 05/15/2026 05/15/2026 Libros